000 01569nam a2200457 i 4500
001 6422
003 KOSZ 005
005 20220120073020.0
008 970513s1991 pl a f f |000 0 pol
015 _aPB 1992/9102
035 _a991001491179705066
035 _a(PL-WaBN)b10427624-48omnis_nlop
035 _ab10427624
035 _a(OCoLC)749274810
035 _a(PL)b0000001042762
035 _a(EXLNZ-48OMNIS_NETWORK)9910051922405606
040 _aWA N
_cWA N
_dKOSZ 005/HR
046 _k1991
080 _a624.131.2/.6
080 _a(075.8)
100 1 _aHauryłkiewicz, Janusz
_d(?-2021)
_eAutor
245 1 0 _aWprowadzenie do geologii inżynierskiej terenów niżowych /
_cJanusz Hauryłkiewicz, Roman Racinowski ; Politechnika Szczecińska.
260 _aSzczecin :
_bWydaw. Uczelniane PS,
_c1991.
300 _a262 s. :
_brys., wykr. ;
_c24 cm.
336 _2rdacontent
_aTekst
_btxt
337 _2rdamedia
_aBez urządzenia pośredniczącego
_bn
338 _2rdacarrier
_aWolumin
_bnc
380 _aKsiążki
380 _aPublikacje dydaktyczne
385 _mPoziom nauczania
_aSzkoły wyższe
388 _a1901-2000
388 _a1989-2000
504 _aBibliogr. s. 260-262.
658 _aArchitektura i budownictwo
655 7 _aPodręczniki akademickie
_2DBN
650 7 _aGeologia inżynierska
_2DBN
700 1 _aRacinowski, Roman
_d(1935- )
_eAutor
856 _uhttp://koha.tu.koszalin.pl/cgi-bin/koha/opac-detail.pl?biblionumber=6422
_yKAtalog online BPK
942 _2UKD
_cKS
999 _c6422
_d6422